000
00404nam a22001697a 4500
003
MPLRDC
005
20220104124649.0
008
210129b ||||| |||| 00| 0 eng d
082
_a
782 JT
100
_a
金涛
245
_a
中国旅行家的故事
_c
250
_a
一版一刷
260
_a
_b
中国少年儿童出版社
_c
1980
300
_b
平
650
_a
中国传记
942
_c
BK
_o
782 JT
999
_c
21150
_d
21140